00329nam a2200121Ia 4500008004100000020001500041041001200056082001600068100001600084245005500100260003700155650001500192221030s9999 xx 000 0 und d a8129704129 aEnglish a105.23bJon aG. R. Jones 0aOrganizational Theory Design & Change Text & cases bPearson EducationaDelhic2004 aManagement